Biomeasurement: a student's guide to biological statistics. (Record no. 5421)

MARC details
000 -LEADER
fixed length control field 00610nam a22002177a 4500
003 - CONTROL NUMBER IDENTIFIER
control field OSt
005 - DATE AND TIME OF LATEST TRANSACTION
control field 20161202143417.0
008 - FIXED-LENGTH DATA ELEMENTS--GENERAL INFORMATION
fixed length control field 161202b xxu||||| |||| 00| 0 eng d
020 ## - INTERNATIONAL STANDARD BOOK NUMBER
International Standard Book Number 9780199219995
040 ## - CATALOGING SOURCE
Transcribing agency DDC
082 ## - DEWEY DECIMAL CLASSIFICATION NUMBER
Classification number 570.92 HAW 2009
100 ## - MAIN ENTRY--PERSONAL NAME
Personal name Hawkins, Dawn
9 (RLIN) 11333
245 ## - TITLE STATEMENT
Title Biomeasurement: a student's guide to biological statistics.
250 ## - EDITION STATEMENT
Edition statement 2nd ed.
260 ## - PUBLICATION, DISTRIBUTION, ETC. (IMPRINT)
Place of publication, distribution, etc. Oxford University Press, 2009
300 ## - PHYSICAL DESCRIPTION
Extent xxviii,337p;ill: 25cm
504 ## - BIBLIOGRAPHY, ETC. NOTE
Bibliography, etc Appendices, references, & index included
650 ## - SUBJECT ADDED ENTRY--TOPICAL TERM
Topical term or geographic name as entry element Biomeasurement
9 (RLIN) 11334
650 ## - SUBJECT ADDED ENTRY--TOPICAL TERM
Topical term or geographic name as entry element Statistics
9 (RLIN) 1274
942 ## - ADDED ENTRY ELEMENTS (KOHA)
Source of classification or shelving scheme Other/Generic Classification Scheme
Koha item type Open Shelf
Holdings
Withdrawn status Lost status Source of classification or shelving scheme Damaged status Not for loan Home library Current library Date acquired Source of acquisition Inventory number Total Checkouts Full call number Barcode Date last seen Koha item type Price effective from
    Dewey Decimal Classification     MUST Main Library MUST Main Library 02/12/2016   12/36808   570.92 HAW 2009 2016-4983 02/12/2016 Open Shelf  
    Dewey Decimal Classification     MUST Main Library MUST Main Library 09/08/2019 Purchase 14/38063   570.92 HAW 2009 2019-0026 09/08/2019 Open Shelf 09/08/2019